| 000 | 01095cam a2200313 i 4500 | ||
|---|---|---|---|
| 001 | 2246132 | ||
| 003 | BDDh-ASL | ||
| 005 | 20231015031251.0 | ||
| 008 | 770606s1975 bg b 000 0 eng | ||
| 010 | _a 76902621 | ||
| 020 | _cTk5.00 | ||
| 040 |
_aDLC _cBDDh-ASL _dDLC |
||
| 041 | _aeng | ||
| 043 | _aa-bg--- | ||
| 050 | 0 | 0 |
_aHJ7239.B36 _bR4 |
| 082 | 0 | 0 |
_a364.133 _bRES |
| 100 | 1 | _aReddaway, William Brian. | |
| 245 | 1 | 4 |
_aThe scale of smuggling out of Bangladesh / _cby W. B. Reddaway and Md. Mizanur Rahman. |
| 260 |
_aDacca : _bBangladesh Institute of Development Studies, _c1975. |
||
| 300 |
_a22 p. : _bmap ; _c26 cm. |
||
| 490 | 1 |
_aResearch report series - Bangladesh Institute of Development Studies ; _vnew ser. no. 21 |
|
| 650 | 0 |
_aSmuggling _zBangladesh. |
|
| 650 | 0 |
_aRice _xPrices _zBangladesh. |
|
| 650 | 0 |
_aJute fiber _xPrices _zBangladesh. |
|
| 700 | 1 |
_aRahman, Mizanur, _ejoint author. |
|
| 830 | 0 |
_aResearch report series (Bangladesh Institute of Development Studies) ; _vnew ser. no. 21. |
|
| 906 |
_a7 _bcbc _corignew _d4 _encip _f19 _gy-gencatlg |
||
| 942 |
_2ddc _cBK |
||
| 999 |
_c31399 _d31399 |
||